Stav a perspektivy východního rozšiřování Evropské unie

Pričleňovanie strednej a východnej Európy k EÚ - Európske (asociačné) dohody - dôležité ustanovenia a ochranné ustanovenia dohôd. Príprava pridružených krajín na prijatie do EÚ - stratégia, Biela kniha. Výhody a náklady východného rozšírenia EÚ - záujmy a problémy, nová východná politika, zaťaženie...

Descrizione completa

Salvato in:
Dettagli Bibliografici
Autore principale: Staňkovský, J.
Natura: Capitolo di libro
Lingua:ceco
Soggetti:
Tags: Aggiungi Tag
Nessun Tag, puoi essere il primo ad aggiungerne!!

MARC

LEADER 00000naa a2200000 4500
001 r020120
005 20230925113922.8
041 0 |a cze 
044 |a CZ 
245 1 0 |a Stav a perspektivy východního rozšiřování Evropské unie  |c J. Staňkovský 
520 |a Pričleňovanie strednej a východnej Európy k EÚ - Európske (asociačné) dohody - dôležité ustanovenia a ochranné ustanovenia dohôd. Príprava pridružených krajín na prijatie do EÚ - stratégia, Biela kniha. Výhody a náklady východného rozšírenia EÚ - záujmy a problémy, nová východná politika, zaťaženie rozpočtu EÚ v dôsledku rozšírenia, východné rozšírenie a spoločná poľnohospodárska politika. Vstup do EÚ z pozície krajín strednej a východnej Európy. 
610 2 0 |a Európska únia 
610 2 0 |a integrácia ekonomická medzinárodná 
610 2 0 |a stredná Európa 
610 2 0 |a východná Európa 
610 2 0 |a dohody asociačné 
610 2 0 |a Biela kniha 
100 1 |a Staňkovský, J.